Statistics for Countries Separating Regions

Click here to take the quiz!

General Stats

  • This quiz has been taken 142 times
    (76 since last reset)
  • The average score is 8 of 12

Answer Stats

Region #1Separating CountryRegion #2% Correct
AsiaIndonesiaOceania
97%
North AmericaPanamaSouth America
94%
EuropeRussiaEast Asia
94%
Middle EastEgyptAfrica
93%
South AmericaColombiaNorth America
90%
Middle EastIranEast Asia and the "Stans"
87%
Middle EastIsraelAfrica
87%
OceaniaPapua New GuineaAsia
75%
Middle EastAfghanistanEast Asia
54%
Middle EastTurkeyBalkan States
51%
BritainSpainSouth America
4%
Balkan StatesUkraineRussia
1%

Score Distribution

Percentile by Number Answered

Percent of People with Each Score

Your Score History

You have not taken this quiz since the last reset